ბათუმის შოთა რუსთაველის სახელმწიფო უნივერსიტეტის ბიბლიოთეკა

ბეწვის ხიდი (ბიბ.ჩანაწერი № 41918)

000 -LEADER
fixed length control field 00735nam a2200241Ia 4500
001 - CONTROL NUMBER
control field 8602
003 - CONTROL NUMBER IDENTIFIER
control field GE_BSU
008 - FIXED-LENGTH DATA ELEMENTS--GENERAL INFORMATION
fixed length control field 181216s||||||||xx |||||||||||||| ||und||
040 ## - CATALOGING SOURCE
Transcribing agency GE_BSU
080 ## - UNIVERSAL DECIMAL CLASSIFICATION NUMBER
Universal Decimal Classification number 821.353.1-1
100 ## - MAIN ENTRY--PERSONAL NAME
Personal name თედორაძე, დ.
245 ## - TITLE STATEMENT
Title ბეწვის ხიდი
245 ## - TITLE STATEMENT
Remainder of title ლექსები
245 ## - TITLE STATEMENT
Statement of responsibility, etc. რედ.: ზ. ფირცხალაიშვილი; მხატვ.: ჯ. მიქელაძე.
260 ## - PUBLICATION, DISTRIBUTION, ETC.
Place of publication, distribution, etc. ბათუმი
260 ## - PUBLICATION, DISTRIBUTION, ETC.
Name of publisher, distributor, etc. საბჭ. აჭარა
260 ## - PUBLICATION, DISTRIBUTION, ETC.
Date of publication, distribution, etc. 1977
300 ## - PHYSICAL DESCRIPTION
Extent 60 გვ; 16 სმ.
300 ## - PHYSICAL DESCRIPTION
Other physical details 1 პორტრ.
653 ## - INDEX TERM--UNCONTROLLED
Uncontrolled term ბეწვის ხიდი
653 ## - INDEX TERM--UNCONTROLLED
Uncontrolled term ლექსები
942 ## - ADDED ENTRY ELEMENTS (KOHA)
Koha item type წიგნი
ეგზემპლარები
Withdrawn status Lost status Damaged status Not for loan Date acquired Barcode Date last seen Price effective from Koha item type
        2018-12-17 31028 2018-12-17 2018-12-17 წიგნი
        2018-12-17 31029 2018-12-17 2018-12-17 წიგნი